| 000 | 00523nam a2200169Ia 4500 | ||
|---|---|---|---|
| 008 | 230917s9999||||xx |||||||||||||| ||und|| | ||
| 020 | _cRS300 | ||
| 040 |
_e212958 _aMAIN |
||
| 041 | _aEnglish | ||
| 082 | _a891.491503741 DR536J | ||
| 100 | _aधनखङ, राजबीर सिंह | ||
| 245 | 0 | _aजाला जीवन का | |
| 260 |
_aनई दिल्ली _bविशाल प्रकाशन |
||
| 300 | _a148 पृ. p. | ||
| 500 | _a4385 06/12/2013 13727 14/01/2014 Main Budget | ||
| 942 | _cBK | ||
| 999 |
_c34583 _d34583 |
||